Tests psicológicos / (Record no. 44054)
[ view plain ]
| 000 -CABECERA | |
|---|---|
| campo de control de longitud fija | 00996nam a2200241 a 4500 |
| 001 - NÚMERO DE CONTROL | |
| campo de control | 000044565 |
| 005 - FECHA Y HORA DE LA ÚLTIMA TRANSACCIÓN | |
| campo de control | 20201002045451.0 |
| 008 - DATOS DE LONGITUD FIJA--INFORMACIÓN GENERAL | |
| campo de control de longitud fija | 140716s1978 sp a 000 0 spa d |
| 020 ## - NÚMERO INTERNACIONAL ESTÁNDAR DEL LIBRO | |
| Número Internacional Estándar del Libro | 8403230192 |
| 040 ## - FUENTE DE LA CATALOGACIÓN | |
| Centro catalogador/agencia de origen | DO-SdBNP |
| Lengua de catalogación | spa |
| Centro/agencia transcriptor | BNPHU |
| 100 1# - ENTRADA PRINCIPAL--NOMBRE DE PERSONA | |
| Nombre de persona | Anastasi, Anne, |
| Fechas asociadas al nombre | 1908-2001. |
| 9 (RLIN) | 72588 |
| 245 10 - MENCIÓN DE TÍTULO | |
| Título | Tests psicológicos / |
| Mención de responsabilidad, etc. | Anne Anastasi ; versión española de la 2a ed. orig. por Celedonio Riesco Hernández ; revisión técnica de Alfonso Alvarez Villar ; adaptación a la 3a ed. original por Alvaro de Noriega y de Zulueta. |
| 250 ## - MENCIÓN DE EDICIÓN | |
| Mención de edición | 3a ed. |
| 260 ## - PUBLICACIÓN, DISTRIBUCIÓN, ETC. | |
| Lugar de publicación, distribución, etc. | Madrid : |
| Nombre del editor, distribuidor, etc. | Aguilar, |
| Fecha de publicación, distribución, etc. | 1978. |
| 300 ## - DESCRIPCIÓN FÍSICA | |
| Extensión | xii, 680 p. : |
| Otras características físicas | il. ; |
| Dimensiones | 24 cm. |
| 490 1# - MENCIÓN DE SERIE | |
| Mención de serie | Psicología y educación |
| 500 ## - NOTA GENERAL | |
| Nota general | Bibliografía : p. 605-636 |
| 500 ## - NOTA GENERAL | |
| Nota general | Incluye referencias bibliográficas y notas al pie de las páginas |
| 700 12 - PUNTO DE ACCESO ADICIONAL--NOMBRE DE PERSONA | |
| Nombre de persona | Riesco Hernández, Celedonio |
| 9 (RLIN) | 72589 |
| 700 12 - PUNTO DE ACCESO ADICIONAL--NOMBRE DE PERSONA | |
| Nombre de persona | Alvarez Villar, Alfonso |
| 9 (RLIN) | 46753 |
| 700 12 - PUNTO DE ACCESO ADICIONAL--NOMBRE DE PERSONA | |
| Nombre de persona | Noriega y de Zulueta, Alvaro de |
| 9 (RLIN) | 72590 |
| 830 #0 - PUNTO DE ACCESO ADICIONAL DE SERIE-TÍTULO UNIFORME | |
| Título uniforme | Psicología y educación |
| 9 (RLIN) | 63580 |
| Estado de retiro | Estado de pérdida | Restricciones de uso | No para préstamo | Código de colección | Localización permanente | Ubicación/localización actual | Ubicación en estantería | Fecha de adquisición | Número de inventario | Total de préstamos | Signatura topográfica completa | Código de barras | Fecha visto por última vez | Precio válido a partir de | Tipo de ítem Koha |
|---|---|---|---|---|---|---|---|---|---|---|---|---|---|---|---|
| Excluido de préstamo | Monografías: Libros y Folletos | General | General | En catalogación | 16.07.2014 | LF1 | 44565-10 | 25.06.2020 | 25.06.2020 | No se presta |
